Statystyki dla Wpisz nazwę pasującego afrykańskiego państwa

Kliknij tutaj aby rozwiązać quiz!

Ogólne statystyki

  • Ten quiz został rozwiązany 227 razy
  • Średni wynik to 15 z 20

Statystyki odpowiedzi

Nazwij kraj afrykański...Pasujące państwo% Poprawnych
Należy do Ligi Państw ArabskichAlgieria | Dżibuti | Egipt | Komory | Libia | Maroko | Mauretania | Somalia | Tunezja
99%
Organizował kiedyś Mistrzostwa Świata w Piłce NożnejRepublika Południowej Afryki
93%
Zaczyna się na literę "Z"Zambia | Zimbabwe
93%
Graniczy z RPABotswana | Eswatini | Lesotho | Namibia | Mozambik | Zimbabwe
91%
Ma dostęp do Zatoki GwinejskiejBenin | Gabon | Ghana | Gwinea Równikowa | Kamerun | Liberia | Nigeria | Togo | Wybrzeże Kości Słoniowej | Wyspy Świętego Tomasza i Książeca
88%
Ma ląd przez, który przechodzi równikDemokratyczna Republika Konga | Gabon | Kenia | Kongo | Somalia | Uganda
87%
jest krajem wyspiarskim na Oceanie Indyjskim (Nie wliczając Madagaskaru)Komory | Mauritius | Seszele
86%
Jest krajem wyspiarskim na Oceanie AtlantyckimRepublika Zielonego Przylądka | Wyspy Świętego Tomasza i Książeca
84%
Z dwoma stolicamiBenin | Republika Południowej Afryki
79%
Z większą powierzchnią 1,160 km2Algieria | Demokratyczna Republika Konga | Sudan
74%
Ma portugalski jako język urzędowyAngola | Gwinea Bissau | Mozambik | Republika Zielonego Przylądka | Wyspy Świętego Tomasza i Książeca
72%
jest 21km od JemenuDżibuti
72%
Jest enklawą innego państwaLesotho
71%
Leży w rogu AfrykiDżibuti | Erytrea | Etiopia | Somalia
70%
Graniczący z państwem nieuznawanymAlgieria | Dżibuti | Etiopia | Maroko | Mauretania | Maroko | Somalia
69%
Nigdy nie był skolonizowany przez EuropejczykówEtiopia | Liberia
67%
Posiada miasto w, którym miesci sie stolica Unii AfrykańskiejEtiopia | Republika Południowej Afryki
64%
jest na 50 miejscu lub niżej w rankingu CAF (w piłce nożnej)Dżibuti | Erytrea | Seszele | Somalia | Wyspy Świętego Tomasza i Książeca
60%
Posiada mniejsze PKB niż 3,166Dżibuti | Erytrea | Lesotho | Republika Środkowo Afrykańska
48%
Z hiszpańskim jako język urzędowyGwinea Równikowa
41%

Rozkład punktacji

Percentyl według liczby udzielonych odpowiedzi

Procent ludzi z każdym wynikiem

Twoja historia wyników

Nie rozwiązałeś tego quizu